| 000 | 00474nam a2200133Ia 4500 | ||
|---|---|---|---|
| 008 | 170221s9999 xx 000 0 und d | ||
| 100 | _aMorteza Sardari | ||
| 245 | _aUTILIZING SYSTEM DYNAMICS APPROACH TO ANALYZE TRADE-OFF AMONG POSSIBLE STRATEGIC RESPONSES OF KARAZIN HOLDIN | ||
| 245 | _cMorteza Sardari, Mohamad E. Molaei, Mahdi Z. Mazdeh | ||
| 260 | _c2014 | ||
| 300 | _a: | ||
| 650 | _xBusiness | ||
| 856 | _uhttp://escijournals.net/index.php/JBF/article/view/262/237 | ||
| 999 |
_c313686 _d313686 |
||